000 00418nam a2200157Ia 4500
999 _c8312
_d8312
008 191201s2019 xx 000 0 und d
082 _a572 KAP
100 _aKASTURE,A.V.
245 0 _aPractical Pharmaceutical Chemistry -11
250 _a19th
260 _bNirali Prakashan
_aMaharashtra
_c2018
300 _a60
650 _aApplied Biochemistry & Clinical Chemistry
700 _aWADODKAR,S.G.
942 _2ddc
_cBK